00273nam a2200109Ia 4500008004100000100001600041245004300057260002500100260000900125546001200134999001700146170619s9999 xx 000 0 und d aTel- Gerard 0aIntroduction to Distributed Algorithms bCambridge Uni. Press c2004 aENGLISH c16781d16781